00465 a2200169 450000100060000002000150000604000220002110000360004324000210007924500160010030000080011636200090012465000320013394200070016595201060017299900170027863993 a8530804422 cAnchieta - Pituba aMoreira, Antonio Flavio Barbosa10aCurrículolpor10aCurrículo a1430 a1997 4aCurrículoNível superior cBK 00104070a91.1b91.1d2023-11-21l0o375 C976c CURp17599/PITr2023-11-21 18:32:25w2023-11-21yBK c63993d63993